000 00527nam a2200193Ia 4500
003 GCL
008 140319s9999 xx 000 0 ara d
040 _aGCL /
_cGCL
082 0 4 _a818.03
_bم ص
100 1 _aمحمد السباعى
245 1 0 _aالصور /
_cمحمد السباعى
300 _a197 ص
490 _aكتاب
_v0
650 0 4 _aالادب العربى
650 0 4 _aالادب
650 0 4 _aالادب والمجتمع
650 0 4 _aالادب العربى الفلسفى - مصر
942 _2ddc
_cBK
999 _c40917
_d40917